000 00514nam a22001577a 4500
005 20251108172055.0
008 250721s1987 xx 000 0 ara d
082 1 4 _a928.1/الو
100 1 _aالألوسي، جمال الدين
245 1 0 _aالعقاد :
_bعملاق الأدب و الفكر و الفن /
264 1 _aبغداد :
_bدار الشؤون الثقافية العامة - آفاق عربية،
_c1987.
300 _a301ص
650 1 7 _aالتراجم
942 _2ddc
_cBK
999 _c69776
_d69776